000 00713nam a2200193 a 4500
008 120416s1999 ||||||||||||||||| || u
020 _a1857301862
050 _aBOE(08)
100 _aAllen, William A
245 1 0 _aInflation targeting: the British experience
260 _aLondon:
_bBank of England
_c1999
300 _a33p. : ill.
350 _a0.00
490 _aBank of England. Handbooks in Central Banking Lecture Series
650 _aINFLATION (FINANCE)--ENGLAND
650 _aINFLATION
710 _aBank of England. Centre for Central Banking Studies
995 _D0.00
_FCBU-MAIN LIBRARY (Kitwe)
_H1
_I0.00
_UAVAILABLE
_ZInternational Publications
999 _c46822
_d46822